Steden in Zeeland - Statistieken

Algemene statistieken
  • Deze quiz is 49 keer genomen
  • De gemiddelde score is 9 van 22
Antwoordstatistieken
Hint Antwoord % Correct
M... Middelburg
92%
V... Vlissingen
92%
G... Goes
89%
T... Terneuzen
87%
Z... Zierikzee
82%
V... Veere
66%
S... Sluis
61%
D... Domburg
50%
H... Hulst
50%
T... Tholen
42%
A... Arnemuiden
39%
A... Aardenburg
26%
A... Axel
26%
W... Westkapelle
26%
B... Biervliet
18%
O... Oostburg
16%
B... Brouwershaven
13%
P... Philippine
11%
Sint... Sint Maartensdijk
11%
I... IJzendijke
8%
K... Kortgene
8%
Sint... Sint Anna ter Muiden
8%
Geen overeenkomende quizzen gevonden
Scoreverdeling
Procent van Mensen met Elke Score
Percentiel versus Aantal Correcte Antwoorden
Uw Scoregeschiedenis
U heeft deze quiz nog niet genomen